MAASAI MARA UNIVERSITY

LIBRARY CATALOGUE

Contact Us: +254 020 2685356/7 or 0774 057787

Box: 861-20500, NAROK, KENYA

Email: info@mmarau.ac.ke

_Data and communications[ 4th ed.] (Record no. 13544)

MARC details
000 -LEADER
fixed length control field 00430nam a2200157Ia 4500
008 - FIXED-LENGTH DATA ELEMENTS--GENERAL INFORMATION
fixed length control field 151021s9999 xx 000 0 und d
020 ## - INTERNATIONAL STANDARD BOOK NUMBER
International Standard Book Number 24154415
050 ## - LIBRARY OF CONGRESS CALL NUMBER
Classification number TK 5105.S73 1994
245 ## - TITLE STATEMENT
Title _Data and communications[ 4th ed.]
260 ## - PUBLICATION, DISTRIBUTION, ETC. (IMPRINT)
Place of publication, distribution, etc. New York Macmillan 1994
300 ## - PHYSICAL DESCRIPTION
Extent xv,875p.
500 ## - GENERAL NOTE
General note Includes index.
500 ## - GENERAL NOTE
General note Includes index.
650 ## - SUBJECT ADDED ENTRY--TOPICAL TERM
Topical term or geographic name as entry element _Data transmission
980 ## - EQUIVALENCE OR CROSS-REFERENCE-SERIES STATEMENT--PERSONAL NAME/TITLE [LOCAL, CANADA]
Personal name ^d20130521 12:02:50^oanne

No items available.

© 2016 Maasai Mara University.